[Event "28th Czech Open A 2017"]
[Site "Pardubice CZE"]
[Date "2017.07.22"]
[Round "2.90"]
[White "Kwon, Sehyun"]
[Black "Vyskocil, Neklan"]
[Result "0-1"]
[WhiteTitle "CM"]
[BlackTitle "IM"]
[WhiteElo "2087"]
[BlackElo "2329"]
[WhiteFideId "13203088"]
[BlackFideId "307106"]
[EventDate "2017.07.21"]

1. e4 c5 2. Nf3 g6 3. Bc4 Bg7 4. O-O Nc6 5. c3 Nf6 6. e5 Ng4 7. Bxf7+ Kxf7 8.
Ng5+ Kg8 9. Qxg4 Nxe5 10. Qe2 h6 11. d4 cxd4 12. cxd4 Nc6 13. Nf3 d5 14. Be3 Kh7
15. Nc3 Rf8 16. Qb5 a6 17. Qxd5 Qxd5 18. Nxd5 Bg4 19. Ne5 Nxe5 20. dxe5 Bxe5 21.
Rfe1 Bd6 22. Bb6 Rf7 23. Rac1 Rc8 24. a3 Rxc1 25. Rxc1 Be6 26. Ne3 Be5 27. Rc2
Bb3 28. Rd2 Rf6 29. Ba5 Rc6 30. g3 Rc1+ 31. Kg2 Ba4 32. Bb4 Bc6+ 33. f3 Rb1 34.
Nc4 Bf6 35. Na5 Kg7 36. Nxc6 bxc6 37. Rd7 Rxb2+ 38. Kh3 Kf7 39. Ra7 Rc2 40. Rxa6
c5 41. Ba5 Bd4 42. Bc7 Bg1 43. g4 c4 44. Rc6 Bd4 45. a4 c3 46. a5 Ra2 47. a6 g5
48. Bb8 Ke8 49. Rc4 e5 50. Bxe5 Bxe5 0-1

[Event "28th Czech Open A 2017"]
[Site "Pardubice CZE"]
[Date "2017.07.22"]
[Round "2.91"]
[White "Machlik, Edit"]
[Black "Matta, Vinay Kumar"]
[Result "0-1"]
[BlackTitle "FM"]
[WhiteElo "2084"]
[BlackElo "2326"]
[WhiteFideId "1513591"]
[BlackFideId "5016649"]
[EventDate "2017.07.21"]

1. d4 Nf6 2. c4 g6 3. Nc3 Bg7 4. e4 d6 5. f4 O-O 6. Nf3 c5 7. d5 e6 8. dxe6 fxe6
9. Bd3 Nc6 10. O-O Nd4 11. Nxd4 cxd4 12. Nb5 e5 13. fxe5 dxe5 14. Bg5 a6 15. Na3
h6 16. Bxf6 Bxf6 17. c5 Qe7 18. Qc2 Kg7 19. b4 a5 20. Nb5 axb4 21. Qc4 Be6 22.
Qxb4 b6 23. Rfc1 Rac8 24. Nd6 Rc6 25. Qb5 Bd7 26. Nc4 Bg5 27. Rc2 bxc5 28. Nb6
Rb8 29. Nd5 Qd8 30. Qa4 Rcb6 31. Qa7 Rb1+ 32. Rxb1 Rxb1+ 33. Bf1 d3 34. Rxc5 d2
35. Rc7 Rxf1+ 0-1

[Event "28th Czech Open A 2017"]
[Site "Pardubice CZE"]
[Date "2017.07.22"]
[Round "2.92"]
[White "Horak, Martin"]
[Black "Paszewski, Mateusz"]
[Result "0-1"]
[BlackTitle "FM"]
[WhiteElo "2073"]
[BlackElo "2323"]
[WhiteFideId "367095"]
[BlackFideId "1141058"]
[EventDate "2017.07.21"]

1. e4 c6 2. Ne2 d5 3. e5 d4 4. b4 f6 5. Ng3 Qd5 6. exf6 Nxf6 7. c4 Qd6 8. a3 d3
9. f4 Qe6+ 10. Kf2 Qxc4 11. Bb2 Ng4+ 12. Kg1 e5 13. Qc1 Qb5 14. Ne4 Nd7 15. Nf2
Qb6 16. Qe1 Nxf2 17. Qxf2 Bc5 0-1

[Event "28th Czech Open A 2017"]
[Site "Pardubice CZE"]
[Date "2017.07.22"]
[Round "2.93"]
[White "Cerny, David"]
[Black "Lerch, Philipp"]
[Result "0-1"]
[BlackTitle "FM"]
[WhiteElo "2035"]
[BlackElo "2320"]
[WhiteFideId "369551"]
[BlackFideId "4654129"]
[EventDate "2017.07.21"]

1. e4 Nf6 2. Nc3 d5 3. e5 d4 4. exf6 dxc3 5. fxg7 cxd2+ 6. Qxd2 Qxd2+ 7. Bxd2
Bxg7 8. O-O-O Be6 9. Kb1 Nd7 10. Ne2 O-O-O 11. Nf4 Bf5 12. Bd3 Bxd3 13. Nxd3 e5
14. Rhe1 Rde8 15. Bc3 Rhg8 16. g4 f6 17. Re4 Bf8 18. h3 Bd6 19. Rde1 Kd8 20. f4
exf4 21. Nxf4 Bxf4 22. Rxf4 Rxe1+ 23. Bxe1 Re8 24. Bf2 Re5 25. Kc1 Ke7 26. Bd4
Re1+ 27. Kd2 Rh1 28. Rf3 c5 29. Bf2 Ke6 30. Bh4 Rh2+ 31. Kc1 c4 32. b3 b5 33.
Kb2 Ne5 34. Re3 Kf7 35. Kc3 cxb3 36. axb3 Nxg4 37. Rf3 Ne5 38. Rxf6+ Kg7 39. Rf4
Rxh3+ 40. Kb4 Ng6 41. Bf6+ Kf7 42. Rf2 Rh5 43. Bd4+ Ke6 44. Bxa7 Ne7 45. Re2+
Kd7 46. Rd2+ Kc7 47. Bc5 Nd5+ 48. Ka5 Kc6 49. Bb4 Rh1 50. Rxd5 Ra1+ 0-1

[Event "28th Czech Open A 2017"]
[Site "Pardubice CZE"]
[Date "2017.07.22"]
[Round "2.94"]
[White "Armbrust, Florian"]
[Black "Volotovsky, Kirill"]
[Result "0-1"]
[WhiteTitle "FM"]
[WhiteElo "2318"]
[BlackElo "2136"]
[WhiteFideId "4691350"]
[BlackFideId "14151634"]
[EventDate "2017.07.21"]

1. e4 c5 2. Nc3 e6 3. f4 d5 4. Nf3 d4 5. Bb5+ Bd7 6. Bxd7+ Qxd7 7. Ne5 Qd8 8.
Ne2 Bd6 9. Nf3 Nc6 10. d3 Be7 11. O-O Nf6 12. Bd2 O-O 13. h3 c4 14. Be1 Qb6 15.
b3 cxb3 16. axb3 Nxe4 17. dxe4 d3+ 18. Bf2 dxe2 19. Qxe2 Bc5 20. Bxc5 Qxc5+ 21.
Qf2 Qc3 22. Qd2 Qxd2 23. Nxd2 Nd4 24. c4 Rfd8 25. Ra2 Ne2+ 26. Kh2 Rd4 27. Rf3
Nc1 28. Ra1 Ne2 29. Ra2 Nc1 30. Ra1 Nd3 31. Nf1 Nb4 32. e5 a5 33. Ne3 Rd3 34.
Nf1 Rxf3 35. gxf3 Nc6 36. Rd1 Rd8 37. Rxd8+ Nxd8 38. Kg3 Kf8 39. Kf2 Ke7 40. Ke3
Nc6 41. Nd2 f6 42. Ke4 f5+ 43. Kd3 Nb4+ 44. Kc3 Kd7 45. Nb1 Nc6 46. Na3 g5 47.
fxg5 Nxe5 48. f4 Ng6 49. Kd4 Nxf4 50. h4 Ne2+ 51. Ke5 Ke7 52. Nb1 b6 53. Nd2 Nc1
54. Kd4 Kf7 55. h5 Ne2+ 56. Ke5 Ng3 57. g6+ hxg6 58. hxg6+ Kxg6 59. Kxe6 Ne4 60.
Nf3 Ng5+ 61. Nxg5 Kxg5 62. Kd6 f4 63. Kc6 f3 64. Kxb6 f2 65. Kxa5 f1=Q 66. c5
Kf6 67. c6 Ke6 68. b4 Kd6 69. b5 Kc7 0-1

[Event "28th Czech Open A 2017"]
[Site "Pardubice CZE"]
[Date "2017.07.22"]
[Round "2.95"]
[White "Aliyev, Ravan"]
[Black "Willim, Michael"]
[Result "1-0"]
[WhiteElo "2311"]
[BlackElo "2072"]
[WhiteFideId "13409980"]
[BlackFideId "4632435"]
[EventDate "2017.07.21"]

1. d4 e6 2. c4 f5 3. Nc3 Nf6 4. e3 b6 5. Bd3 Bb7 6. f3 d5 7. Nge2 Bd6 8. O-O O-O
9. Qc2 Nbd7 10. Nb5 Qe7 11. Nxd6 cxd6 12. cxd5 Nxd5 13. Qb3 Kh8 14. Bd2 e5 15.
Bc4 N7f6 16. Ng3 f4 17. Nf5 Qd7 18. e4 g6 19. Nh6 Qg7 20. exd5 Qxh6 21. dxe5
dxe5 22. Bc3 Rad8 23. Bxe5 Qg5 24. Rfe1 h5 25. Re4 Kh7 26. Bxf4 Qf5 27. Re7+ Kh8
28. Bh6 1-0

[Event "28th Czech Open A 2017"]
[Site "Pardubice CZE"]
[Date "2017.07.22"]
[Round "2.96"]
[White "Holtman, Teodor"]
[Black "Lushnikov, Evgeny"]
[Result "0-1"]
[WhiteTitle "FM"]
[WhiteElo "2306"]
[BlackElo "2050"]
[WhiteFideId "14933721"]
[BlackFideId "24146269"]
[EventDate "2017.07.21"]

1. e4 c5 2. Nf3 Nc6 3. Nc3 e5 4. Bc4 Be7 5. d3 d6 6. O-O Nf6 7. Ng5 O-O 8. f4
Bg4 9. Nf3 Nd4 10. f5 Rb8 11. a4 a6 12. a5 Nh5 13. Nd5 Bxf3 14. Nxe7+ Qxe7 15.
gxf3 Nf4 16. Bxf4 exf4 17. Kh1 g5 18. fxg6 hxg6 19. Rg1 Kg7 20. c3 Nc6 21. Qd2
Rh8 22. Qxf4 Rh4 23. Rg4 Rbh8 24. Rxh4 Rxh4 25. Qg3 Ne5 26. Rf1 Rh5 27. Rf2 Qe8
28. b3 Qd8 29. f4 Nxc4 30. dxc4 Qxa5 31. f5 Qa1+ 32. Kg2 Qc1 33. h4 g5 34. f6+
Kh7 35. Rf1 Qd2+ 36. Qf2 Qxf2+ 37. Rxf2 Rxh4 38. Rd2 Rxe4 39. Rxd6 Kg6 40. Rb6
Re3 41. Rxb7 Rxc3 42. Rb6 a5 43. Kf2 a4 44. bxa4 Rxc4 45. a5 Ra4 46. a6 c4 47.
Rc6 c3 48. Ke2 c2 49. Kd2 Ra2 50. Kc1 Kf5 51. Rb6 g4 52. Rc6 g3 53. Rc5+ Kxf6
54. Rxc2 Rxa6 55. Rg2 Ra3 0-1

[Event "28th Czech Open A 2017"]
[Site "Pardubice CZE"]
[Date "2017.07.22"]
[Round "2.97"]
[White "Mertanen, Janne"]
[Black "Hradecky, Ivo"]
[Result "1-0"]
[WhiteTitle "FM"]
[WhiteElo "2302"]
[BlackElo "2041"]
[WhiteFideId "501875"]
[BlackFideId "325015"]
[EventDate "2017.07.21"]

1. Nf3 d5 2. e3 e6 3. b3 c5 4. Bb2 Nf6 5. c4 Nc6 6. a3 Be7 7. d3 O-O 8. Be2 b6
9. O-O Bb7 10. Nbd2 Qd6 11. Re1 d4 12. exd4 cxd4 13. b4 e5 14. Nb3 Nd7 15. Nfd2
a5 16. c5 bxc5 17. Nc4 Qc7 18. b5 Nd8 19. a4 e4 20. dxe4 Bxe4 21. Bf3 Bxf3 22.
Qxf3 Ne6 23. Bc1 Bd6 24. h3 Ne5 25. Rxe5 Bxe5 26. b6 Qb8 27. Bd2 Ra6 28. Re1 Bf6
29. Qc6 Bd8 30. Bxa5 d3 31. Rd1 Nf4 32. Kf1 Bf6 33. g3 Ne6 34. Rxd3 Nd4 35. Nxd4
Bxd4 36. Bd2 Rxa4 37. Qxa4 1-0

[Event "28th Czech Open A 2017"]
[Site "Pardubice CZE"]
[Date "2017.07.22"]
[Round "2.98"]
[White "Bertram, Karsten"]
[Black "Hacker, Jonas"]
[Result "1-0"]
[BlackTitle "FM"]
[WhiteElo "2021"]
[BlackElo "2297"]
[WhiteFideId "4673042"]
[BlackFideId "1270968"]
[EventDate "2017.07.21"]

1. e4 e5 2. Nf3 Nc6 3. Bc4 Bc5 4. c3 Nf6 5. d4 exd4 6. cxd4 Bb4+ 7. Nc3 Nxe4 8.
O-O Bxc3 9. d5 Ne5 10. Qe2 O-O 11. bxc3 Nxc4 12. Qxe4 Nd6 13. Qf4 Ne8 14. d6
cxd6 15. Re1 b6 16. Qe4 Rb8 17. Ng5 Nf6 18. Qd3 h6 19. Nf3 Ne8 20. Nd4 Bb7 21.
Nf5 Qf6 22. Re3 h5 23. Rg3 Kh8 24. Ba3 Rc8 25. Re1 g6 26. Ne7 Ra8 27. Bc1 Qg7
28. Be3 Kh7 29. Bd4 Nf6 30. Nf5 Qh8 31. Nxd6 Bc6 32. Nxf7 Qg7 33. Ne5 Rg8 34.
Nxg6 1-0

[Event "28th Czech Open A 2017"]
[Site "Pardubice CZE"]
[Date "2017.07.22"]
[Round "2.99"]
[White "Rahul, Srivatshav P"]
[Black "Ivanov, Igor"]
[Result "1-0"]
[WhiteElo "2295"]
[BlackElo "2040"]
[WhiteFideId "25059653"]
[BlackFideId "34137430"]
[EventDate "2017.07.21"]

1. d4 d5 2. Bf4 Nf6 3. e3 e6 4. Nd2 Bd6 5. Bg3 c5 6. c3 Nc6 7. Ngf3 cxd4 8. exd4
Qc7 9. Bd3 O-O 10. O-O e5 11. dxe5 Nxe5 12. Nxe5 Bxe5 13. Bxe5 Qxe5 14. Nf3 Qf4
15. Qc1 Qg4 16. h3 Qh5 17. Qf4 Re8 18. Rfe1 Bd7 19. Ne5 Be6 20. Nf3 Bd7 21. Rad1
Bc6 22. Nd4 Ne4 23. Kh2 Nc5 24. Bf5 Ne6 25. Bxe6 fxe6 26. Nf3 Qf5 27. Qg3 Re7
28. Nd4 Qf6 29. Re5 Bd7 30. Rd3 Rf8 31. Rf3 Qh6 32. Rxf8+ Kxf8 33. Re3 Qg6 34.
Qb8+ Be8 35. Rf3+ Kg8 36. Qd6 Rf7 37. Rxf7 Qxf7 38. Qxe6 Qxe6 39. Nxe6 Bd7 40.
Nd4 Kf7 41. f4 Ke7 42. g4 Kf6 43. Kg3 g6 44. h4 h5 45. g5+ Kf7 46. f5 gxf5 47.
Kf4 Kg6 48. Ke5 Bc6 49. Nxf5 Be8 50. Ne7+ 1-0

[Event "28th Czech Open A 2017"]
[Site "Pardubice CZE"]
[Date "2017.07.22"]
[Round "2.100"]
[White "Chubar, Vladimir"]
[Black "Tuomainen, Felix"]
[Result "1-0"]
[WhiteTitle "IM"]
[BlackTitle "FM"]
[WhiteElo "2010"]
[BlackElo "2294"]
[WhiteFideId "14101491"]
[BlackFideId "1720813"]
[EventDate "2017.07.21"]

1. d4 d5 2. Nf3 Nf6 3. Bf4 c5 4. e3 Nc6 5. c3 Qb6 6. Qb3 c4 7. Qc2 Bf5 8. Qc1 e6
9. Nbd2 Nh5 10. Bg5 h6 11. Bh4 g5 12. Bg3 Nxg3 13. hxg3 Bg7 14. Be2 O-O 15. b3
cxb3 16. axb3 Rac8 17. Qb2 e5 18. O-O e4 19. Nh2 Bg6 20. Rac1 Kh7 21. g4 Ne7 22.
Qa3 Rce8 23. c4 a6 24. cxd5 Nxd5 25. Qc5 Qe6 26. Bc4 Rd8 27. Qa7 Qe7 28. Bxd5
Rxd5 29. Rc2 f5 30. Rfc1 fxg4 31. Rc7 Rd7 32. Qxb7 Rf7 33. Rxd7 Qxd7 34. Qxd7
Rxd7 35. Nxg4 h5 36. Nh2 Bf8 37. Rc6 a5 38. Nc4 Bg7 39. g4 hxg4 40. Nxg4 Ra7 41.
Kg2 a4 42. bxa4 Rxa4 43. Rc7 Ra6 44. Kg3 Bf5 45. d5 Ra1 46. Nge5 Kh6 47. Kg2 Bf6
48. Rf7 Bxe5 49. Nxe5 Bc8 50. d6 1-0

[Event "28th Czech Open A 2017"]
[Site "Pardubice CZE"]
[Date "2017.07.22"]
[Round "2.101"]
[White "Kim, Jinsoo"]
[Black "Friedland, Moshe"]
[Result "0-1"]
[WhiteElo "1921"]
[BlackElo "2289"]
[WhiteFideId "13202405"]
[BlackFideId "2812843"]
[EventDate "2017.07.21"]

1. e4 c5 2. Nf3 d6 3. d4 cxd4 4. Nxd4 Nf6 5. Nc3 a6 6. Bg5 Nbd7 7. Bc4 e6 8. O-O
Qb6 9. Qd2 Be7 10. Bb3 h6 11. Bh4 Nc5 12. Rae1 O-O 13. Bg3 Rd8 14. Kh1 Bd7 15.
f4 Bc6 16. Nxc6 Qxc6 17. Qe2 Nxb3 18. axb3 Rac8 19. e5 Nd5 20. Nxd5 Qxd5 21. c4
Qc5 22. f5 dxe5 23. Bxe5 f6 24. Bf4 e5 25. Be3 Qb4 26. Qh5 Bf8 27. Qg6 Qxb3 28.
Bxh6 Qxc4 29. Rf3 Rd3 30. Be3 Qf7 31. Qg4 Rc4 32. Qh3 Qd5 33. Qg3 Rc2 34. Rf2
Rxe3 35. Qxe3 Bc5 36. Qf3 e4 37. Qh5 Rxf2 38. Qe8+ Bf8 39. Qa4 e3 40. Qg4 e2 41.
Kg1 Rf1+ 42. Rxf1 Bc5+ 0-1

[Event "28th Czech Open A 2017"]
[Site "Pardubice CZE"]
[Date "2017.07.22"]
[Round "2.102"]
[White "Deac, Bogdan-Daniel"]
[Black "Skacel, Jan"]
[Result "1-0"]
[WhiteTitle "GM"]
[WhiteElo "2579"]
[BlackElo "2022"]
[WhiteFideId "1226380"]
[BlackFideId "314080"]
[EventDate "2017.07.21"]

1. d4 d5 2. Bf4 Nf6 3. e3 g6 4. Nc3 Bg7 5. h4 O-O 6. h5 c5 7. hxg6 fxg6 8. Qd2
Nc6 9. dxc5 e5 10. Bg5 Be6 11. Nf3 Qa5 12. Bxf6 Bxf6 13. e4 Rad8 14. exd5 e4 15.
Nxe4 Qxd2+ 16. Nfxd2 Bxd5 17. c3 Rfe8 18. f3 Kg7 19. Bc4 Ne5 20. Bxd5 Rxd5 21.
Rxh7+ Kxh7 22. Nxf6+ Kh6 23. Nxe8 1-0

[Event "28th Czech Open A 2017"]
[Site "Pardubice CZE"]
[Date "2017.07.22"]
[Round "2.103"]
[White "Bauer, Thomas"]
[Black "Chigaev, Maksim"]
[Result "0-1"]
[WhiteTitle "CM"]
[BlackTitle "GM"]
[WhiteElo "2176"]
[BlackElo "2578"]
[WhiteFideId "1639293"]
[BlackFideId "4108116"]
[EventDate "2017.07.21"]

1. e4 c6 2. Nc3 d5 3. Qe2 dxe4 4. Nxe4 Bf5 5. d3 e6 6. g4 Bxe4 7. dxe4 e5 8. Bd2
Nd7 9. O-O-O Qc7 10. Qf3 Nb6 11. Ba5 Rd8 12. Rxd8+ Qxd8 13. Bc4 Qf6 14. Bb3 Bc5
15. Qxf6 Nxf6 16. f3 Be3+ 17. Kb1 h5 18. gxh5 Rxh5 19. Ne2 Rh3 20. Ng3 g6 21. a4
Bf2 22. Nf1 Rxf3 23. Nd2 Rf4 24. Bc3 Bd4 25. Bxd4 exd4 26. e5 Ne4 27. Kc1 Nxd2
28. Kxd2 Ke7 29. h4 Nd7 30. h5 gxh5 31. Rxh5 Nc5 32. Ba2 Nxa4 33. e6 fxe6 34.
Ra5 b5 35. Rxa7+ Kd6 36. b4 Rf2+ 37. Kd3 e5 38. Rh7 Nb2+ 0-1

[Event "28th Czech Open A 2017"]
[Site "Pardubice CZE"]
[Date "2017.07.22"]
[Round "2.104"]
[White "Bilguun, Sumiya"]
[Black "Schatz, Christian"]
[Result "1-0"]
[WhiteTitle "IM"]
[BlackTitle "CM"]
[WhiteElo "2460"]
[BlackElo "2177"]
[WhiteFideId "4901541"]
[BlackFideId "4641620"]
[EventDate "2017.07.21"]

1. e4 c6 2. d4 d5 3. Nd2 dxe4 4. Nxe4 Bf5 5. Ng3 Bg6 6. h4 h6 7. Nf3 Nd7 8. h5
Bh7 9. Bd3 Bxd3 10. Qxd3 e6 11. Bd2 Ngf6 12. O-O-O Qc7 13. Ne4 Nxe4 14. Qxe4 Nf6
15. Qe2 O-O-O 16. g3 Bd6 17. c4 c5 18. Kb1 Qc6 19. Rhe1 cxd4 20. Nxd4 Qc5 21.
Be3 Qxh5 22. Qxh5 Nxh5 23. Nb5 Bb8 24. Bxa7 Bxa7 25. Nxa7+ Kb8 26. Nb5 Nf6 27.
Rd6 g5 28. c5 h5 29. Rxd8+ Rxd8 30. Nd6 Rd7 31. Re5 h4 32. gxh4 gxh4 33. Re3 Nd5
34. Rh3 b6 35. Rxh4 bxc5 36. Ne4 Nb4 37. b3 Nd3 38. Rh7 Kc7 39. Nf6 Re7 40. Kc2
Nb4+ 41. Kb2 Nd5 42. Ne4 Kc6 43. Ng5 Nb4 44. Nxf7 Nd3+ 45. Kc3 Rd7 46. f3 Kc7
47. Ng5 Rxh7 48. Nxh7 Ne5 49. Ng5 Kd6 50. a4 Nc6 51. Ne4+ Kd5 52. Nd2 Ne5 53. a5
Kc6 54. a6 Kc7 55. Ne4 Kb6 56. Ng5 Kxa6 57. f4 Ng4 58. Nxe6 Kb5 59. f5 Ne3 60.
Nc7+ Kc6 61. f6 Kd7 62. Kd3 Ng4 63. Nd5 Kd6 64. Kc3 Ne5 65. Nf4 Nd7 66. Nh5 Ke6
67. Kc4 Kf7 68. Kd5 Kg6 69. Kd6 Nf8 70. Ke7 Nh7 71. f7 Kxh5 72. f8=Q Nxf8 73.
Kxf8 Kg5 74. Ke7 Kf5 75. Kd6 Kf6 1-0

[Event "28th Czech Open A 2017"]
[Site "Pardubice CZE"]
[Date "2017.07.22"]
[Round "2.105"]
[White "Lerch, Patrice"]
[Black "Leeb, Simon"]
[Result "0-1"]
[WhiteTitle "IM"]
[WhiteElo "2415"]
[BlackElo "2177"]
[WhiteFideId "605867"]
[BlackFideId "12924768"]
[EventDate "2017.07.21"]

1. e4 c5 2. Nc3 Nc6 3. g3 g6 4. d3 Bg7 5. Be3 d6 6. Qd2 Rb8 7. Bg2 b5 8. Nge2 b4
9. Nd1 Qc7 10. O-O h5 11. h3 e6 12. a3 a5 13. axb4 axb4 14. d4 Na5 15. b3 c4 16.
Rb1 Ne7 17. Re1 Bd7 18. Bg5 c3 19. Qf4 e5 20. Qh4 Ng8 21. dxe5 dxe5 22. Ra1 f6
23. Bc1 g5 24. Bxg5 fxg5 25. Qxg5 Bf6 26. Qg6+ Kf8 27. Ne3 Rh6 28. Qxh6+ Nxh6
29. Nd5 Qd8 30. Nxf6 Qxf6 31. Rxa5 Bb5 32. Bf1 Qb6 33. Rea1 Rd8 34. Ra8 Rxa8 35.
Rxa8+ Kg7 36. Ra1 Nf7 37. Re1 Ng5 38. Bg2 Bxe2 39. Rxe2 Qd4 0-1

[Event "28th Czech Open A 2017"]
[Site "Pardubice CZE"]
[Date "2017.07.22"]
[Round "2.106"]
[White "Farmani Anosheh, Yasha"]
[Black "Murtazin, Bulat"]
[Result "0-1"]
[BlackTitle "FM"]
[WhiteElo "2170"]
[BlackElo "2397"]
[WhiteFideId "24638200"]
[BlackFideId "24151351"]
[EventDate "2017.07.21"]

1. Nf3 Nf6 2. c4 g6 3. b4 Bg7 4. Bb2 O-O 5. g3 d6 6. Bg2 e5 7. O-O a5 8. b5 a4
9. Na3 Nbd7 10. d3 Nc5 11. Qc2 Bg4 12. e3 Qd7 13. Ne1 Bh3 14. d4 Bxg2 15. Nxg2
Qh3 16. f3 Ncd7 17. Rae1 Rfe8 18. Qf2 e4 19. Nf4 Qh6 20. Bc1 c6 21. Ne2 Re7 22.
Nc3 Rf8 23. Nxa4 exf3 24. Qxf3 Ne4 25. bxc6 bxc6 26. Nb1 c5 27. Nac3 Nxc3 28.
Nxc3 cxd4 29. Nd5 Re6 30. e4 Qh5 31. Qxh5 gxh5 32. Nf4 Re5 33. Bb2 Ra5 34. Rd1
Nb6 35. Bxd4 Nxc4 36. Bxg7 Kxg7 37. Rd5 Rxa2 38. Nxh5+ Kh8 39. Nf6 Ne3 40. Rh5
h6 41. Re1 Rb8 42. e5 Rg2+ 43. Kh1 Re2 44. Rc1 Kg7 45. Ne4 Rc8 46. Nc3 Rxc3 0-1

[Event "28th Czech Open A 2017"]
[Site "Pardubice CZE"]
[Date "2017.07.22"]
[Round "2.107"]
[White "Nasanjargal, Urtnasan"]
[Black "Plesek, Jiri"]
[Result "1-0"]
[WhiteTitle "FM"]
[WhiteElo "2381"]
[BlackElo "2176"]
[WhiteFideId "4900774"]
[BlackFideId "305146"]
[EventDate "2017.07.21"]

1. b3 e5 2. Bb2 Nc6 3. e3 d5 4. Bb5 Bd6 5. f4 f6 6. fxe5 fxe5 7. Nf3 Nh6 8. O-O
O-O 9. Bxc6 bxc6 10. Nxe5 Rxf1+ 11. Qxf1 Qg5 12. Qf4 Qh5 13. Na3 Ba6 14. g4 Qh3
15. Qg3 Qxg3+ 16. hxg3 Rf8 17. g5 Nf7 18. Nf3 Bxg3 19. d3 Bc8 20. Kg2 Bd6 21.
Rf1 Bg4 22. c4 Bxf3+ 23. Rxf3 Nxg5 24. Rxf8+ Bxf8 25. Nc2 Ne6 26. Be5 Kf7 27. d4
g5 28. c5 Bg7 29. Bg3 h5 30. Nb4 h4 31. Be1 Nd8 32. Na6 Ne6 33. Nb8 Kg6 34. Nxc6
Kf5 35. Nxa7 Ke4 36. a4 Kxe3 37. Nc6 Nxd4 38. Nxd4 Bxd4 39. b4 Ke2 40. Bg3 Bc3
41. Bxc7 Bxb4 42. c6 d4 43. Bd8 Bd6 44. a5 d3 45. Bxg5 1-0

[Event "28th Czech Open A 2017"]
[Site "Pardubice CZE"]
[Date "2017.07.22"]
[Round "2.108"]
[White "Sabol, Marian"]
[Black "Shemyakin, Valeriy"]
[Result "0-1"]
[WhiteTitle "FM"]
[WhiteElo "2354"]
[BlackElo "2173"]
[WhiteFideId "308056"]
[BlackFideId "14132818"]
[EventDate "2017.07.21"]

1. d4 g6 2. e4 Bg7 3. c3 c6 4. h4 d5 5. e5 h5 6. Bd3 Nh6 7. Ne2 c5 8. Nf4 e6 9.
Bxg6 fxg6 10. Nxg6 Kd7 11. Bg5 Qe8 12. Nxh8 Qxh8 13. Qxh5 Nc6 14. O-O cxd4 15.
cxd4 Nxd4 16. Nc3 Kc7 17. Rfd1 Nc6 18. Nb5+ Kb8 19. f4 a6 20. Nd6 Bd7 21. Qf3
Bf8 22. Qh5 Kc7 23. b4 b5 24. a4 bxa4 25. b5 axb5 26. Nxb5+ Kb6 27. Nd6 Bxd6 28.
exd6 Nf5 29. Rab1+ Kc5 30. Qf3 Kxd6 31. g4 Nfd4 32. Qa3+ Kc7 33. Be7 Qg7 34.
Bd6+ Kc8 35. g5 Be8 36. Qc5 Nb3 37. Qc2 Kd7 38. Be5 Nxe5 39. fxe5 Bg6 40. Qg2
Bxb1 41. Rxd5+ exd5 42. Qxd5+ Kc7 0-1

[Event "28th Czech Open A 2017"]
[Site "Pardubice CZE"]
[Date "2017.07.22"]
[Round "2.109"]
[White "Suleymanli, Aydin"]
[Black "Valantiejus, Vaidotas"]
[Result "1-0"]
[WhiteTitle "CM"]
[WhiteElo "2345"]
[BlackElo "2171"]
[WhiteFideId "13413937"]
[BlackFideId "12807370"]
[EventDate "2017.07.21"]

1. d4 Nf6 2. c4 c5 3. d5 e6 4. Nc3 exd5 5. cxd5 d6 6. e4 g6 7. f4 Bg7 8. Nf3 O-O
9. Be2 a6 10. O-O b5 11. e5 dxe5 12. fxe5 Ng4 13. Bg5 Qb6 14. d6 c4+ 15. Kh1 Be6
16. Nd4 Nxe5 17. Be7 Nbd7 18. Bxf8 Nxf8 19. Nxe6 Nxe6 20. Qd5 Rd8 21. Ne4 Qd4
22. Rad1 Qxd5 23. Rxd5 f5 24. Nc3 Nc6 25. Bf3 Ncd4 26. Re1 Bf6 27. d7 Kg7 28.
Rd6 Nc5 29. Nd5 Nxf3 30. gxf3 Bh4 31. Rd1 Rxd7 32. Rxd7+ Nxd7 33. Nc7 Nc5 34.
Rd5 Be7 35. Rxc5 1-0

[Event "28th Czech Open A 2017"]
[Site "Pardubice CZE"]
[Date "2017.07.22"]
[Round "2.110"]
[White "Pajeken, Wolfgang"]
[Black "Folk, Petr"]
[Result "1-0"]
[WhiteTitle "FM"]
[WhiteElo "2274"]
[BlackElo "2169"]
[WhiteFideId "4622170"]
[BlackFideId "302996"]
[EventDate "2017.07.21"]

1. d4 Nf6 2. Nf3 e6 3. c4 Bb4+ 4. Nbd2 d5 5. g3 O-O 6. Bg2 Nc6 7. Qc2 Ne4 8. e3
Rb8 9. a3 Nxd2 10. Bxd2 Be7 11. O-O Bf6 12. Rac1 Re8 13. Rfd1 Re7 14. b4 a6 15.
a4 dxc4 16. Qxc4 Rd7 17. b5 axb5 18. axb5 Ne7 19. Qa4 b6 20. Qa7 Bb7 21. Ne5
Bxe5 22. Bxb7 c5 23. bxc6 Nxc6 24. Rxc6 Rdxb7 25. Qa6 Bd6 26. Rdc1 h6 27. e4 Qd7
28. Qb5 Rd8 29. Rb1 Be7 30. Be3 Bf6 31. e5 Be7 32. Rxb6 Rxb6 33. Qxb6 Qd5 34.
Qb7 Kf8 35. Qxd5 Rxd5 36. g4 Ke8 37. Kg2 Bd8 38. Kf3 Kd7 39. Ke4 Kc6 40. f4 Bb6
41. f5 Rd7 42. h4 Bd8 43. Rc1+ Kb7 44. h5 Bb6 45. Rf1 Bd8 46. f6 gxf6 47. exf6
Bb6 48. Rb1 Kc6 49. Rxb6+ Kxb6 50. Bxh6 1-0

[Event "28th Czech Open A 2017"]
[Site "Pardubice CZE"]
[Date "2017.07.23"]
[Round "3.1"]
[White "Drnovsek, Gal"]
[Black "Gupta, Abhijeet"]
[Result "0-1"]
[WhiteTitle "IM"]
[BlackTitle "GM"]
[WhiteElo "2440"]
[BlackElo "2625"]
[WhiteFideId "14607077"]
[BlackFideId "5010608"]
[EventDate "2017.07.21"]

1. d4 Nf6 2. c4 g6 3. Nc3 d5 4. cxd5 Nxd5 5. e4 Nxc3 6. bxc3 Bg7 7. Be3 O-O 8.
Nf3 c5 9. Rc1 Bg4 10. Be2 Qa5 11. Qd2 Nd7 12. d5 c4 13. O-O Nc5 14. Qc2 Rac8 15.
Bxc4 Na4 16. Qb3 Bxf3 17. gxf3 Nxc3 18. a4 Nxa4 19. Qxb7 Nc3 20. Bd3 Rc7 21. Qb3
Rcc8 22. Qb7 e6 23. Qxa7 Qd8 24. f4 Qh4 25. Kh1 Qh3 26. d6 e5 27. f3 Ra8 28. Qe7
Ra2 29. Rf2 Rxf2 30. Bxf2 Qxf3+ 31. Kg1 Qxd3 32. Rxc3 Qxc3 33. d7 Qc7 34. Bh4
Qc1+ 35. Kg2 Qd2+ 36. Kg1 Qd1+ 37. Kg2 Qg4+ 38. Kh1 Qxf4 39. d8=Q Qf1# 0-1

[Event "28th Czech Open A 2017"]
[Site "Pardubice CZE"]
[Date "2017.07.23"]
[Round "3.2"]
[White "Gopal, G.N."]
[Black "Vykouk, Jan"]
[Result "1-0"]
[WhiteTitle "GM"]
[BlackTitle "FM"]
[WhiteElo "2580"]
[BlackElo "2430"]
[WhiteFideId "5015693"]
[BlackFideId "349658"]
[EventDate "2017.07.21"]

1. e4 e6 2. d4 d5 3. Nc3 Nf6 4. e5 Nfd7 5. f4 c5 6. Nf3 Nc6 7. Be3 a6 8. Qd2 b5
9. dxc5 Bxc5 10. Bd3 Qb6 11. Bf2 h6 12. O-O O-O 13. a3 Ra7 14. Bxc5 Nxc5 15. Qf2
Rc7 16. Ne2 a5 17. Ned4 Ne4 18. Qe3 b4 19. Rfe1 Nxd4 20. Qxd4 Nc5 21. axb4 axb4
22. Ra8 Bd7 23. Bh7+ Kxh7 24. Rxf8 Bc6 25. f5 exf5 26. e6 f6 27. e7 1-0